George W. Bush Trivia - Statistics

General Stats
  • This quiz has been taken 39 times
  • The average score is 9 of 10
Answer Stats
# Questions Answer % Correct
8 Bush ordered an invasion of this country following 9/11 Afghanistan
100%
6 Who served as president after Bush? Barack Obama
100%
5 Who served as president before Bush? Bill Clinton
100%
4 Who was the Democratic nominee who Bush defeated in 2000? Al Gore
96%
10 Bush ordered an invasion of this country believing falseclaims about it's president Saddam Hussein Iraq
96%
9 What was the name of the person who was responsiblefor the 9/11 attacks? Osama Bin Laden
96%
3 What political party was Bush part of? Republican
96%
1 Who was Bush's vice president? Dick Cheney
89%
2 What US state was Bush born in? Connecticut
71%
7 What Major League Baseball team did Bush co-owned? Texas Rangers
71%
No matching quizzes found
Score Distribution
Percent of People with Each Score
Percentile by Number Answered
Your Score History
You have not taken this quiz